000 00630nam a2200241Ia 4500
003 OSt
005 20221005121757.0
006 a|||||r|||| 00| 0
007 ta
008 221004b |||||||| |||| 00| 0 eng d
024 _a47120
037 _cTextual
040 _aCRL
_cCRL
_beng
041 _2eng
_aeng
082 _aO111,3NRA,1, 31K7
100 _aRawlings Marjorie Kinnan Au.
_9622479
245 0 _aIlamai kanavu
260 _c1967
300 _a539p.
_ccm.
650 _aENGLISH FICTION
942 _hO111,3NRA,1, 31K7
_cTEXL
_2cc
999 _c1042233
_d1042233